Brazil Country Quiz 2 - Statistics

General Stats
  • This quiz has been taken 19 times
  • The average score is 20 of 27
Answer Stats
Hint Answer % Correct
Flag color Blue
100%
Flag color Green
100%
Flag color Yellow
100%
Flag color White
94%
Longest river Amazon
88%
Capital city Brasília
88%
The only South American countries that Brazil doesn't border Chile
88%
Official language Portuguese
88%
Most populous cities Rio de Janeiro
88%
Most populous cities São Paulo
88%
Most popular sport in Brazil Soccer
88%
Celebration held for five days before Ash Wednesday Carnival
82%
The only South American countries that Brazil doesn't border Ecuador
82%
Brazil is the #1 producer of this bean Coffee
76%
All-time leading men's World Cup goalscorers Pelé
71%
Currency Real
71%
Money Real
71%
Most famous beaches Copacabana
65%
Name for a Brazilian shanty town Favela
65%
Most famous beaches Ipanema
65%
Slogan on the flag (Ordem) e Progresso
65%
Genre of music played at the above Samba
65%
Amount of stars the brazilian flag has 27
53%
Waterfalls on the Argentina border (Iguazu) Falls
53%
What was outlawed in 1888 Slavery
53%
All-time leading men's World Cup goalscorers Ronaldo
47%
Most famous statue Christ the (Redeemer)
35%
No matching quizzes found
Score Distribution
Percent of People with Each Score
Percentile by Number Answered
Your Score History
You have not taken this quiz